|
|
|
|
| LEADER |
01620nam a2200385 i 4500 |
| 001 |
EBC5889846 |
| 003 |
MiAaPQ |
| 005 |
20200520144314.0 |
| 006 |
m o d | |
| 007 |
cr cnu|||||||| |
| 008 |
190930s2019 dk o 000 0 eng d |
| 020 |
|
|
|z 9788770221085
|
| 020 |
|
|
|a 9788770221078 (e-book)
|
| 035 |
|
|
|a (MiAaPQ)EBC5889846
|
| 035 |
|
|
|a (Au-PeEL)EBL5889846
|
| 035 |
|
|
|a (OCoLC)1117642722
|
| 040 |
|
|
|a MiAaPQ
|b eng
|e rda
|e pn
|c MiAaPQ
|d MiAaPQ
|
| 050 |
|
4 |
|a HF5549
|b .C446 2019
|
| 082 |
0 |
|
|a 658.3
|2 23
|
| 100 |
1 |
|
|a Chemuturi, Murali,
|e author.
|
| 245 |
1 |
0 |
|a Managing people at work :
|b a new paradigm for the 21st century /
|c Murali Chemuturi, Vijay Chemuturi.
|
| 264 |
|
1 |
|a Gistrup, Denmark ;
|a Delft, The Netherlands :
|b River Publishers,
|c [2019]
|
| 264 |
|
4 |
|c 2019
|
| 300 |
|
|
|a 1 online resource (370 pages)
|
| 336 |
|
|
|a text
|b txt
|2 rdacontent
|
| 337 |
|
|
|a computer
|b c
|2 rdamedia
|
| 338 |
|
|
|a online resource
|b cr
|2 rdacarrier
|
| 588 |
|
|
|a Description based on print version record.
|
| 590 |
|
|
|a Electronic reproduction. Ann Arbor, MI : ProQuest, 2018. Available via World Wide Web. Access may be limited to ProQuest affiliated libraries.
|
| 650 |
|
0 |
|a Personnel management.
|
| 655 |
|
4 |
|a Electronic books.
|
| 700 |
1 |
|
|a Chemuturi, Vijay,
|e author.
|
| 776 |
0 |
8 |
|i Print version:
|a Chemuturi, Murali.
|t Managing people at work : a new paradigm for the 21st century.
|d Gistrup, Denmark ; Delft, The Netherlands : River Publishers, c2019
|h 370 pages
|z 9788770221085
|
| 797 |
2 |
|
|a ProQuest (Firm)
|
| 856 |
4 |
0 |
|u https://ebookcentral.proquest.com/lib/matrademy/detail.action?docID=5889846
|z Click to View
|